Taylor Swift - Paroles All Too Well - Statistiques

Statistiques générales
  • Ce quiz a été pris 315 fois
  • Le résultat moyen est 361 sur 465
Statistiques - réponses
Hint Réponse % Correct
Couplet 1 I
100%
I,
100%
the
100%
The
100%
a
99%
you
97%
You
97%
it
96%
It
96%
to
96%
we
96%
was
95%
all
94%
all,
94%
And
93%
and
93%
in
92%
me
92%
there
92%
there,
92%
too
92%
Too
92%
well
92%
well,
92%
Bridge Well
92%
But
91%
but
91%
So
91%
so
91%
do
90%
like
90%
my
90%
remember
90%
your
88%
Your
88%
air
87%
scarf
87%
walk
87%
cold
86%
door
86%
no
85%
with
85%
got
84%
again
83%
be
83%
walked
83%
house
82%
We're
82%
were
82%
are
81%
at
81%
sister's
81%
through
81%
left
80%
about
79%
'Cause
79%
'cause
79%
felt
79%
home
79%
lost
79%
on
79%
still
79%
up
79%
of
78%
for
77%
here
77%
something
77%
even
76%
now
76%
Now
76%
somehow
76%
know
74%
thing
74%
when
74%
car,
73%
that
73%
I'm
72%
it's
72%
not
72%
drawer
71%
get
71%
long
71%
night
71%
down
69%
Down
69%
this
69%
gone
68%
piece
68%
can
67%
little
67%
Couplet 2 Oh,
67%
red
67%
middle
66%
more
66%
light
65%
sweet
65%
lookin'
64%
maybe
64%
Maybe
64%
you've
64%
'bout
63%
call
63%
dancing
63%
over
63%
promise
63%
street
63%
town
63%
why
63%
much
62%
after
61%
After
61%
break
61%
disposition
61%
hair,
61%
kitchen
61%
masterpiece
61%
gaze
60%
just
60%
stairs,
60%
translation
60%
cruel
59%
nothing
59%
almost
58%
casually
58%
could
58%
forget
58%
getting
58%
name
58%
past
58%
twin
58%
wide
58%
asked
57%
fine
57%
future
57%
honest
57%
magic's
57%
okay
57%
picture
57%
thinking
57%
bed
56%
being
56%
days
56%
paper
56%
singing
56%
turning
56%
Wind
56%
else
55%
enough
55%
eyed
55%
mother's
55%
sized
55%
team
55%
glasses
54%
kid
54%
might
54%
needed
54%
telling
54%
'til
54%
used
54%
cheeks
53%
old
53%
ran
53%
these
53%
told
53%
scared,
52%
stories
52%
upstate
52%
ball
51%
falling
51%
leaves
51%
into
50%
lying
50%
refrigerator
50%
Running
50%
tore
50%
counter
49%
place
49%
album
48%
Autumn
48%
by
48%
Couplet 3 Photo
48%
'round
48%
back
47%
Back
47%
tee
47%
ever
46%
keep
46%
pieces
46%
self
46%
Couplet 4 Time
46%
find
45%
rare,
45%
first
44%
loved
42%
own
42%
trying
42%
very
42%
can't
41%
from
41%
made
41%
one
41%
real
41%
smells
41%
week
41%
yeah
40%
alone
39%
innocence
39%
before
38%
fly,
38%
I'd
38%
won't
38%
rid
37%
things
36%
reminds
35%
known
34%
mail
33%
paralyzed
31%
crumpled
29%
nights
27%
shirt
26%
plaid
21%
Aucun quiz correspondant
Distribution des résultats
% des personnes avec chaque résultat
Percentile par nombre de réponses
Votre historique - résultats
Vous n’avez pas pris ce quiz